000 00671nam a2200277Ia 4500
005 20260324114744.0
008 008 260324s9999 xx 000 0 eng d
020 _a9780429298028
037 _aEBOOK
040 _aCRL
040 _beng
040 _cCRL
041 _2eng
041 _aeng
084 _qCRL
100 _aLeonardo Azevedo Scardua
_91152036
245 0 _aApplied Evolutionary Algorithms for Engineers using Python
260 _bTaylor and Francis
260 _c2021
365 _a
365 _b340
856 _uhttp://www.taylorfrancis.com/books/9780429298028
942 _cEBOOK
999 _c1742391
_d1742391